Closest country acrostics- F countries - Statistics

General Stats
  • This quiz has been taken 659 times
  • The average score is 33 of 43
Answer Stats
Hint Answer % Correct
F Fiji
98%
F France
91%
A Andorra
89%
D Denmark
89%
F Finland
89%
L Latvia
89%
N Norway
89%
E East Timor
88%
I Ireland
88%
F Federated States of Micronesia
87%
I Indonesia
87%
N Netherlands
87%
R Romania
87%
A Australia
86%
A Austria
86%
I India
86%
J Japan
86%
N Netherlands
86%
T Tuvalu
85%
E Estonia
84%
O Oman
84%
I Indonesia
79%
R Russia
79%
C Czech Republic
78%
S Solomon Islands
78%
T Tonga
78%
D Denmark
76%
N Nauru
76%
I India
74%
D Djibouti
73%
S Samoa
72%
F Finland
70%
M Marshall Islands
69%
E Estonia
68%
E Eritrea
67%
R Romania
66%
A Afghanistan
63%
T Taiwan
63%
C China
59%
A Azerbaijan
57%
E El Salvador
55%
S South Korea
54%
E Egypt
53%
No matching quizzes found
Score Distribution
Percent of People with Each Score
Percentile by Number Answered
Your Score History
You have not taken this quiz